| 000 | 00489nam a2200193Ia 4500 | ||
|---|---|---|---|
| 003 | GCL | ||
| 008 | 140319s9999 xx 000 0 eng d | ||
| 040 |
_aGCL / _cGCL |
||
| 082 | 0 | 4 |
_a616.01 _bJ M |
| 100 | 1 | _aJAWETZ, ERNEST | |
| 245 | 1 | 0 |
_aMEDICAL MICROBIOLOGY / _cJAWETZ, ERNEST |
| 700 | 1 | _aMELNICK, JOSEPH L. | |
| 700 | 1 | _aADELBERG, EDWARD | |
| 260 |
_a[S.N] : _bLIBRAIRIE DU LIBAN ، _c1991 |
||
| 300 | _a632 P | ||
| 650 | 0 | 4 | _aBIOLOGY |
| 650 | 0 | 4 | _aMICROBIOLOGY |
| 942 |
_2ddc _cBK |
||
| 999 |
_c19864 _d19864 |
||